000 00344nam a2200121Ia 4500
008 240731s9999 xx 000 0 und d
022 _a1478-6028
245 0 _aCriminal Justice Studies : A Critical Journal of Crime, Law and Society
260 _bRoutledge
856 _uhttps://www.tandfonline.com/loi/gjup20
942 _2ddc
942 _cTFEJ
999 _c76093
_d76093
945 _a1
_bMadushi Gamage
_c1
_dMadushi Gamage